01581cam a22003254a 450000100090000000300120000900500170002100800410003801000170007901500190009601600180011502000190013302000160015202000190016803500240018704000450021104200080025605000210026408200240028510000220030924500930033125000120042426000340043630000770047050400510054752005800059865000280117865000190120670000300122516468238Nust- CAS-E20180118181354.0100921s2011 njuab b 001 0 eng  a 2010039916 aGBB0A11302bnb7 a0156344562Uk a9780470520338  a0470520337  a9780470917817  a(OCoLC)ocn659233571 aDLCcDLCdYDXdUKMdYDXCPdCDXdBWXdDLC apcc00aGE105b.B68 201100a363.7222bBOT 20111 aBotkin, Daniel B.10aEnvironmental science :bearth as a living planet /cDaniel B. Botkin, Edward A. Keller. a8th ed. aHoboken, NJ :bWiley,cc2011. axxiv, 567, [63] p. :bill. (chiefly col.), maps (chiefly col.) ;c29 cm. aIncludes bibliographical references and index. a"Environmental Science: Earth as a Living Planet, Eighth Edition provides emphasis on the scientific process throughout the book gives readers the structure to develop their critical thinking skills. Updated and revised to include the latest research in the field, the eighth edition continues to present a balanced analytical and interdisciplinary approach to the field. New streamlined text clears away the "jargon" to bring the issues and the science to the forefront. The new design and updated image program highlights key points and makes the book easier to navigate"-- 0aEnvironmental sciences. 0aHuman ecology.1 aKeller, Edward A.,d1942-